| 000 | 004670000a22001810004500 | ||
|---|---|---|---|
| 020 | _a958-95596-0-3 | ||
| 041 | 0 | _aSPA | |
| 082 | 0 | 4 | _aG 572 V712m |
| 100 | 1 | _aVilla Posse, Eugenia | |
| 245 | 1 | 0 | _aMuerte : Cultos y cementerios / Eugenia Villa Posse |
| 260 | _aBogotá, Colombia : Disloque | ||
| 300 | _a253 Pag | ||
| 001 | 10365 | ||
| 942 | _cBK | ||
| 999 |
_c39940 _d39940 |
||
| 336 |
_atexto _btxt _2rdacontent |
||
| 337 |
_2rdamedia _asin mediación _bn |
||
| 338 |
_2rdacarrier _avolumen _bnc |
||